First aid for the emergency medicine oral boards (Registro nro. 310421)

Detalles MARC
000 -ENCABEZADO
Número de control [NR] 02261cam a2200313 i 4500
001 - NÚMERO DE CONTROL
control field on1029072483
005 - FECHA Y HORA DE LA ÚLTIMA TRANSACCIÓN
control field 20180904143155.0
008 - DE LONGITUD FIJA DE DATOS DE ELEMENTOS - INFORMACIÓN GENERAL
Elementos de longitud fija [NR] 180904s2018 nyua 000 0 eng d
010 ## - NUMERO DE CONTROL DE LA BIBLIOTECA DEL CONGRESO (LC) [NR]
Número de control LC [NR] 2018011431
020 ## - NUMERO INTERNACIONAL NORMALIZADO PARA LIBROS [R]
Número Internacional Normalizado del libro [NR] 9780071839853 (2a.Ed.)
020 ## - NUMERO INTERNACIONAL NORMALIZADO PARA LIBROS [R]
Número Internacional Normalizado del libro [NR] 0071839852
035 ## - NUMERO DE CONTROL DEL SISTEMA [R]
Número de control del sistema [NR] (OCoLC)1029072483
040 ## - FUENTE DE CATALOGACION [NR]
Agencia de catalogación original [NR] Co-BoUCM
Idioma de catalogación [NR] eng
Quien Cataloga Saul Niño
Quien Clasifica Saul Niño
041 0# - CODIGO DE IDIOMA [R]
Código de idioma para texto/pista de sonido o título separado [R] Inglés
060 #4 - SIGNATURA TOPOGRAFICA DE LA BIBLIOTECA NACIONAL DE MEDICINA (NLM) [R]
Número clasificador [R] WB 18.2
245 00 - MENCION DE TITULO [NR]
Título [NR] First aid for the emergency medicine oral boards
Mención de responsabilidad, etc. [NR] editors, David S. Howes, John R. Dayton, James Ahn, Navneet Cheema, Janis Tupesis
250 ## - MENCION DE EDICION [NR]
Mención de edición [NR] Segunda edición
260 ## - PUBLICACION, DISTRIBUCION, ETC. (PIE DE IMPRENTA) [R]
Lugar de publicación, distribución, etc. [R] New York
Nombre del editor, distribuidor, etc. [R] McGraw-Hill
Fecha de publicación, distribución, etc. [R] 2018
300 ## - DESCRIPCION FISICA [R]
Extensión [R] xv, 880 páginas
520 ## - NOTA DE RESUMEN, ETC. [R]
Nota de sumario, etc. [NR] "Comprehensive text and fifty cases provide everything needed to ace the Emergency Medicine Oral Boards! This unique exam prep is the first resource to specifically address every key requirement for emergency medicine oral board success: basic exam preparation, managing information; understanding basic principles of care management; and avoiding specific pitfalls. Readers will find a detailed description of the exam, including format, scoring, what to expect on exam day, content, recommended study plan, preparation advice, and additional resources. The text is enhanced by fifty cases, along with the actual dialog that could and should occur during patient simulation plus images and lab results test takers must be familiar with. NEW TO THIS EDITION: All of the fifty cases are completely new. A complete review of basic management skills, including airway management, shock, trauma, common procedures, and more Tips and pearls on what to say, order, and do. Diagnostic and management algorithms by chief complaint (including pediatric) -- everything from abdominal pain to weakness"--
520 ## - NOTA DE RESUMEN, ETC. [R]
Nota de sumario, etc. [NR] "Real exam strategies to help avoid pitfalls and errors on the Emergency Medicine Oral Boards"--
546 ## - NOTA DE IDIOMA [R]
Nota de idioma [NR] Texto en inglés
650 #7 - ASIENTO SECUNDARIO DE MATERIA - TERMINO TEMATICO [R]
Término temático o nombre geográfico como elemento de entrada [NR] Medicina de emergencias
Subdivisión general [R] Exámenes, preguntas, etc.
9 (RLIN) 19141
650 #7 - ASIENTO SECUNDARIO DE MATERIA - TERMINO TEMATICO [R]
Término temático o nombre geográfico como elemento de entrada [NR] Medicina de emergencias
Subdivisión general [R] Métodos de simulación
9 (RLIN) 19141
650 #7 - ASIENTO SECUNDARIO DE MATERIA - TERMINO TEMATICO [R]
Término temático o nombre geográfico como elemento de entrada [NR] Primeros auxilios
Subdivisión general [R] Exámenes, preguntas, etc.
9 (RLIN) 22281
700 1# - ASIENTO SECUNDARIO - NOMBRE PERSONAL [R]
Nombre personal [NR] Howes, David S.
Término de relación [R] editor
9 (RLIN) 93549
942 ## - ELEMENTOS DE ENTRADA AGREGADOS (KOHA)
Sistema de clasificación NLM
Tema principal Ciencias de la salud
Tipo de ítem principal el descrito en 300a Libro
Edición 1
Clasificación WB 18.2
Parte restante de la signatura top. F527e
Existencias
Fecha de último préstamo Total préstamos Total Renewals Signatura topográfica Código de barras Última vez visto Volúmen / Fascículo Ejemplar Costo de reposición Price effective from Tipo de ítem Perdido Sistema de clasificación Dañado No prestable Tipo de ítem específico Suprimido Ubicación habitual Ubicación actual Localización Fecha de creación Proveedor Forma de adquisición Costo
21/10/2019 3 3 WB 18.2 F527e 100157731 12/12/2025 2a.Ed. Ej.1 365026.00 31/08/2018 Libro   NLM     Libro   Quinta de Mutis Quinta de Mutis 1er piso 31/08/2018 3 Compra 365026.00